| 000 | 00961nam a22002657i 4500 | ||
|---|---|---|---|
| 001 | IT\ICCU\VIA\0140791 | ||
| 003 | ItRI | ||
| 005 | 20260115231859.0 | ||
| 008 | 060808s2006 it |||||| ||||| |||||c | ||
| 020 | _a8811364752 | ||
| 020 | _a9788811364757 | ||
| 040 |
_bita _cimportazione bologna sebina |
||
| 041 | 7 |
_aita _2ISO-639-2 |
|
| 082 |
_a863.5 _9NARRATIVA SPAGNOLA, 1800-1899 _221 |
||
| 100 | 1 |
_aPérez Galdós, Benito _0IT\ICCU\CFIV\062471 _4aut |
|
| 240 | 1 | 0 |
_aTristana _3IT\ICCU\BVE\0029973 _9Pérez Galdós, Benito |
| 245 | 1 | 0 |
_aTristana / _cBenito Perez Galdos ; introduzione e traduzione di Irina Bajini. |
| 250 | _a2. ed | ||
| 260 |
_aMilano : _bGarzanti Libri, _c°2006! |
||
| 300 |
_aXXIV, 158 p. : _b1 ritr. ; _c18 cm. |
||
| 700 | 1 |
_aBajini, Irina _0IT\ICCU\CFIV\082189 |
|
| 790 | 1 |
_aGaldós Pérez, Benito _3IT\ICCU\BVEV\007486 _zPérez Galdós, Benito |
|
| 830 | 2 |
_aI grandi libri Garzanti ; _v475 _0IT\ICCU\CFI\0000048 |
|
| 942 |
_2ddc _cBK _n0 |
||
| 999 |
_c13055 _d13055 |
||